Statistiques concernant Les 10 meilleurs joueurs de l'histoire du PSG

Cliquez ici pour prendre le quiz!

Statistiques générales

  • Ce quiz a été pris 343 fois
  • Le résultat moyen est 6 sur 10

Statistiques - réponses

PositionRéponse% Correct
6Kylian Mbappé
98%
8Neymar
93%
9Edinson Cavani
91%
3Zlatan Ibrahimović
89%
5Pedro-Miguel Pauleta
74%
4Ronaldinho
70%
1Raí
42%
2Safet Sušić
33%
7George Weah
26%
10Bernard Lama
23%

Distribution des résultats

Percentile par nombre de réponses

% des personnes avec chaque résultat

Votre développement - résultats

Vous n’avez pas pris ce quiz